000 00368nam a2200145Ia 4500
008 230711s9999||||xx |||||||||||||| ||und||
041 _aENG
082 _a624
_bLI-P
100 _aLibby.James R
245 0 _aModern prestressed concrete
250 _a1st
260 _c1986
_aNew Delhi
_bCBS Publishers & Distributors Pvt.Ltd
650 _aCivil Engineering
942 _cBK
999 _c423
_d423